000 00871nam0a22002411 4500
001 rc\1174285
005 20260407114526.0
035 _a(NLR Aleph) 006417061
090 _a5408160
_c5408160
100 _a20041129d1980 |||y0rusy50 ca
101 0 _arus
102 _aRU
105 _aa |||||||||
200 1 _aВопросы создания АСУ торговлей
_eСб. науч. тр.
_fМ-во торговли СССР, ВНИИ экономики торговли и систем упр.
210 _aМ.
_cБ. и.
_d1980
215 _a145 с.
_cил.
_d20
320 _aБиблиогр. в конце статей
712 0 2 _aВНИИ экономики торговли и систем управления
_9389841
_3RU\NLR\AUTH\889947110
801 0 _aRU
_bNLR
_gpsbo
801 1 _aRU
_bELAR
_2rusmarc
852 _aNLR
_j81-3/7353
942 _cBOOK
980 _aNB